[Event "GBR-ch71"]
[Site "Brighton"]
[Date "1984.08.04"]
[Round "6"]
[White "Baker, Chris W"]
[Black "Parameswaran, Tiruchi N"]
[Result "0-1"]
[WhiteElo "2235"]
[BlackElo "2365"]
[PlyCount "60"]
[EventDate "1984.07.30"]
[EventType "swiss"]
[EventRounds "11"]
[EventCountry "GBR"]
[SourceTitle "BritBase"]
[Source "John Saunders"]
[SourceDate "2020.09.07"]
[SourceVersion "1"]
[SourceVersionDate "2020.09.07"]
[SourceQuality "2"]

1. e4 c5 2. f4 e6 3. Nf3 d5 4. Nc3 Nc6 5. Bb5 Nf6 6. Qe2 Be7 7. Ne5 Qc7 8. d3
O-O 9. Bxc6 bxc6 10. O-O Ba6 11. b3 Nd7 12. Ng4 c4 13. bxc4 Bc5+ 14. Kh1 dxc4
15. f5 Bd4 16. Bd2 Ne5 17. Nxe5 Qxe5 18. f6 Bxc3 19. Bxc3 Qxc3 20. Qg4 g6 21.
Qg5 Kh8 22. Rae1 cxd3 23. cxd3 Rab8 24. Rc1 Qb2 25. a4 Bxd3 26. Rfe1 Rb4 27. e5
Be4 28. Rcd1 Bd5 29. Re3 Qd2 30. Rde1 Re4 0-1

[Event "GBR-ch71"]
[Site "Brighton"]
[Date "1984.08.04"]
[Round "6"]
[White "Bellin, Robert"]
[Black "Mestel, A Jonathan"]
[Result "1-0"]
[WhiteElo "2370"]
[BlackElo "2545"]
[PlyCount "62"]
[EventDate "1984.07.30"]
[EventType "swiss"]
[EventRounds "11"]
[EventCountry "GBR"]
[SourceTitle "BritBase"]
[Source "John Saunders"]
[SourceDate "2020.09.07"]
[SourceVersion "1"]
[SourceVersionDate "2020.09.07"]
[SourceQuality "2"]

1. e4 c5 2. Nf3 d6 3. d4 cxd4 4. Nxd4 Nf6 5. Nc3 g6 6. Be3 Bg7 7. f3 Nc6 8. Bc4
O-O 9. Qe2 Bd7 10. O-O-O Rc8 11. Kb1 Qc7 12. Bb3 a6 13. g4 e6 14. h4 Na5 15. h5
Nc4 16. Bxc4 Qxc4 17. Qh2 b5 18. Nb3 b4 19. Rd4 Qc7 20. Rxb4 Rb8 21. Rd4 e5 22.
Rd2 Be6 23. Qh4 Rfc8 24. Bg5 Ne8 25. hxg6 hxg6 26. Qh7+ Kf8 27. Bh6 Bxh6 28.
Qxh6+ Ke7 29. Qg5+ Nf6 30. f4 Rh8 31. Rf1 exf4 1-0

[Event "GBR-ch71"]
[Site "Brighton"]
[Date "1984.08.04"]
[Round "6"]
[White "Botterill, George Steven"]
[Black "Short, Nigel David"]
[Result "1/2-1/2"]
[WhiteElo "2430"]
[BlackElo "2510"]
[PlyCount "75"]
[EventDate "1984.07.30"]
[EventType "swiss"]
[EventRounds "11"]
[EventCountry "GBR"]
[SourceTitle "BritBase"]
[Source "John Saunders"]
[SourceDate "2020.09.07"]
[SourceVersion "1"]
[SourceVersionDate "2020.09.07"]
[SourceQuality "2"]

1. d4 e6 2. e4 d5 3. Nc3 Bb4 4. e5 b6 5. Qg4 Bf8 6. Nf3 Qd7 7. Be3 Ne7 8. Bb5
c6 9. Bd3 Ba6 10. O-O Bxd3 11. cxd3 Na6 12. Rac1 Nf5 13. Nh4 h5 14. Qh3 Nxe3
15. Qxe3 Be7 16. Nf3 g6 17. a3 c5 18. Rc2 Kf8 19. h3 Kg7 20. Ne2 Rac8 21. Rfc1
Rc7 22. Qf4 Rhc8 23. g4 hxg4 24. hxg4 cxd4 25. Rxc7 Rxc7 26. Rxc7 Qxc7 27.
Nexd4 Nc5 28. Qc1 Qd7 29. b4 Na4 30. Qc6 Qxc6 31. Nxc6 Kf8 32. Nxa7 Ke8 33. Kf1
Nc3 34. Nc6 Bf8 35. Ke1 Kd7 36. Ncd4 Nb1 37. Kd1 Nxa3 38. b5 1/2-1/2

[Event "GBR-ch71"]
[Site "Brighton"]
[Date "1984.08.04"]
[Round "6"]
[White "Buchanan, Walter F"]
[Black "Watts, David"]
[Result "0-1"]
[WhiteElo "2160"]
[BlackElo "2240"]
[PlyCount "48"]
[EventDate "1984.07.30"]
[EventType "swiss"]
[EventRounds "11"]
[EventCountry "GBR"]
[SourceTitle "BritBase"]
[Source "John Saunders"]
[SourceDate "2020.09.07"]
[SourceVersion "1"]
[SourceVersionDate "2020.09.07"]
[SourceQuality "2"]

1. e4 c5 2. Nf3 d6 3. d4 cxd4 4. Nxd4 Nf6 5. Nc3 g6 6. Be3 Bg7 7. Be2 Nc6 8.
O-O O-O 9. Nb3 Be6 10. f4 Na5 11. f5 Bc4 12. Nxa5 Bxe2 13. Qxe2 Qxa5 14. g4
Rac8 15. Bd4 Qb4 16. Rad1 Nd7 17. Bxg7 Kxg7 18. Nd5 Qxb2 19. Nxe7 Rxc2 20. Qf3
Qe5 21. Qf4 Qxe7 22. Rxd6 f6 23. fxg6 Ne5 24. g5 Qxd6 0-1

[Event "GBR-ch71"]
[Site "Brighton"]
[Date "1984.08.04"]
[Round "6"]
[White "Chandler, Murray G"]
[Black "Hjorth, Greg"]
[Result "1-0"]
[WhiteElo "2540"]
[BlackElo "2440"]
[PlyCount "71"]
[EventDate "1984.07.30"]
[EventType "swiss"]
[EventRounds "11"]
[EventCountry "GBR"]
[SourceTitle "BritBase"]
[Source "John Saunders"]
[SourceDate "2020.09.07"]
[SourceVersion "1"]
[SourceVersionDate "2020.09.07"]
[SourceQuality "2"]

1. e4 e6 2. d4 d5 3. Nd2 Nf6 4. e5 Nfd7 5. f4 c5 6. c3 Nc6 7. Ndf3 Qb6 8. g3
Be7 9. Bh3 f5 10. g4 cxd4 11. cxd4 Nf8 12. Ne2 Ng6 13. O-O Nh4 14. Nxh4 Bxh4
15. b3 Bd7 16. gxf5 exf5 17. Ba3 Be7 18. Bxe7 Nxe7 19. Nc3 O-O 20. Bg2 Bb5 21.
Re1 Rfd8 22. Rc1 Ba6 23. e6 Rac8 24. Nxd5 Rxc1 25. Nxe7+ Kf8 26. Ng6+ Ke8 27.
Qxc1 hxg6 28. e7 Rb8 29. Kh1 Qd6 30. Re5 Qd7 31. Bd5 Rc8 32. Qg1 Qd6 33. Be6
Rc6 34. Bf7+ Kxf7 35. e8=Q+ Kf6 36. Qg5# 1-0

[Event "GBR-ch71"]
[Site "Brighton"]
[Date "1984.08.04"]
[Round "6"]
[White "Clarke, Thomas M"]
[Black "Kosten, Anthony C"]
[Result "0-1"]
[WhiteElo "2080"]
[BlackElo "2420"]
[PlyCount "54"]
[EventDate "1984.07.30"]
[EventType "swiss"]
[EventRounds "11"]
[EventCountry "GBR"]
[SourceTitle "BritBase"]
[Source "John Saunders"]
[SourceDate "2020.09.07"]
[SourceVersion "1"]
[SourceVersionDate "2020.09.07"]
[SourceQuality "2"]

1. e4 e6 2. d4 d5 3. e5 c5 4. c3 Nc6 5. Nf3 Bd7 6. dxc5 Bxc5 7. Bd3 Nge7 8. Qe2
Ng6 9. O-O f6 10. exf6 Qxf6 11. b4 Bd6 12. Bg5 Qf7 13. Qc2 e5 14. Bxg6 hxg6 15.
Nh4 Rh5 16. f4 e4 17. Nd2 Kf8 18. a3 Kg8 19. Rae1 Re8 20. Re3 Bc7 21. c4 Rxh4
22. Bxh4 Nd4 23. Qb2 Nf5 24. Rh3 Nxh4 25. Rxh4 Bd8 26. g3 Bxh4 27. gxh4 Bh3 0-1

[Event "GBR-ch71"]
[Site "Brighton"]
[Date "1984.08.04"]
[Round "6"]
[White "Davies, Nigel Rodney"]
[Black "Levitt, Jonathan"]
[Result "0-1"]
[WhiteElo "2340"]
[BlackElo "2370"]
[PlyCount "88"]
[EventDate "1984.07.30"]
[EventType "swiss"]
[EventRounds "11"]
[EventCountry "GBR"]
[SourceTitle "BritBase"]
[Source "John Saunders"]
[SourceDate "2020.09.07"]
[SourceVersion "1"]
[SourceVersionDate "2020.09.07"]
[SourceQuality "2"]

1. d4 Nf6 2. c4 e6 3. Nf3 b6 4. Nc3 Bb7 5. a3 d5 6. cxd5 Nxd5 7. e4 Nxc3 8.
bxc3 Bxe4 9. Ne5 Qh4 10. g3 Qf6 11. Bb5+ c6 12. f3 Bd5 13. Be2 b5 14. a4 a6 15.
axb5 cxb5 16. Bf4 Qd8 17. Rxa6 Rxa6 18. Bxb5+ Nc6 19. O-O Bd6 20. Bxa6 Bxe5 21.
Bxe5 Nxe5 22. Qa4+ Bc6 23. Qb4 Nd7 24. Ra1 Qe7 25. Qc4 Bd5 26. Qc7 O-O 27. Bb5
Qf6 28. f4 Nb8 29. Bd3 Qd8 30. Qc5 Qc8 31. c4 Qxc5 32. dxc5 Bc6 33. Ra7 Rd8 34.
Bf1 g6 35. Kf2 Kg7 36. Ke3 Rd7 37. Ra2 Rb7 38. Rd2 Rb3+ 39. Kd4 Ba8 40. Ke5
Nc6+ 41. Kd6 Rb8 42. Ra2 Nd4 43. Kc7 Rf8 44. Rd2 Nb3 0-1

[Event "GBR-ch71"]
[Site "Brighton"]
[Date "1984.08.04"]
[Round "6"]
[White "Dawson, Craig R"]
[Black "Vaidya, Arun B"]
[Result "1/2-1/2"]
[WhiteElo "2300"]
[BlackElo "2370"]
[PlyCount "42"]
[EventDate "1984.07.30"]
[EventType "swiss"]
[EventRounds "11"]
[EventCountry "GBR"]
[SourceTitle "BritBase"]
[Source "John Saunders"]
[SourceDate "2020.09.07"]
[SourceVersion "1"]
[SourceVersionDate "2020.09.07"]
[SourceQuality "2"]

1. c4 g6 2. Nc3 Bg7 3. d4 d6 4. e4 Nd7 5. Be2 e5 6. Nf3 Ne7 7. O-O O-O 8. dxe5
Nxe5 9. Nxe5 dxe5 10. Qxd8 Rxd8 11. Nd5 Nxd5 12. cxd5 Bd7 13. Bg5 f6 14. Be3
Bf8 15. Rac1 Bd6 16. Rc3 Kg7 17. Rb3 b6 18. Bb5 Bxb5 19. Rxb5 Kf7 20. Rc1 Ke7
21. Rb3 Rf8 1/2-1/2

[Event "GBR-ch71"]
[Site "Brighton"]
[Date "1984.08.04"]
[Round "6"]
[White "Dunnington, Angus J"]
[Black "Yeo, Michael J"]
[Result "0-1"]
[WhiteElo "2325"]
[BlackElo "2205"]
[PlyCount "91"]
[EventDate "1984.07.30"]
[EventType "swiss"]
[EventRounds "11"]
[EventCountry "GBR"]
[SourceTitle "BritBase"]
[Source "John Saunders"]
[SourceDate "2020.09.07"]
[SourceVersion "1"]
[SourceVersionDate "2020.09.07"]
[SourceQuality "2"]

1. d4 d5 2. Bf4 c5 3. e3 Nc6 4. c3 Nf6 5. Bd3 Bg4 6. Nf3 Qb6 7. b3 Rc8 8. O-O
Nh5 9. h3 Nxf4 10. hxg4 Nxd3 11. Qxd3 cxd4 12. Nxd4 e6 13. Nf3 g6 14. Nbd2 Bg7
15. Rac1 O-O 16. c4 Bb2 17. Rcd1 Qa5 18. Qb1 Bc3 19. g3 b5 20. cxb5 Qxb5 21.
Kg2 Qb4 22. g5 f6 23. Qd3 Ne5 24. Qa6 Rce8 25. a3 Qe7 26. gxf6 Qxf6 27. Qe2 Ng4
28. Nb1 Ba5 29. b4 Bc7 30. Rd4 h5 31. Rdd1 Re7 32. Ng1 Ref7 33. Nh3 Qf5 34. f3
Qe5 35. f4 Qe4+ 36. Kg1 Qxe3+ 37. Qxe3 Nxe3 38. Rfe1 Nxd1 39. Rxd1 Bb6+ 40. Kg2
Rc8 41. Ng5 Rc2+ 42. Kh3 Re7 43. a4 Rc4 44. a5 Bd8 45. Nd2 Rxb4 46. Ndf3 0-1

[Event "GBR-ch71"]
[Site "Brighton"]
[Date "1984.08.04"]
[Round "6"]
[White "Freeman, Richard CP"]
[Black "Giulian, Philip Maurice"]
[Result "0-1"]
[WhiteElo "2095"]
[BlackElo "2230"]
[PlyCount "78"]
[EventDate "1984.07.30"]
[EventType "swiss"]
[EventRounds "11"]
[EventCountry "GBR"]
[SourceTitle "BritBase"]
[Source "John Saunders"]
[SourceDate "2020.09.07"]
[SourceVersion "1"]
[SourceVersionDate "2020.09.07"]
[SourceQuality "2"]

1. e4 c6 2. d3 d5 3. Nd2 g6 4. g3 Bg7 5. Bg2 e5 6. Ngf3 Ne7 7. O-O O-O 8. Re1
Nd7 9. Nf1 d4 10. h4 c5 11. h5 Nc6 12. N1h2 b5 13. Ng4 c4 14. Bh6 f6 15. hxg6
hxg6 16. Nh4 Qe8 17. Qd2 Qf7 18. Bf3 Kh7 19. Kg2 c3 20. bxc3 dxc3 21. Qxc3 Nd4
22. Rh1 Rh8 23. Qd2 Bb7 24. c3 Nxf3 25. Nxf3 Kg8 26. Bxg7 Kxg7 27. Nh6 Qe6 28.
Rh2 Nc5 29. Rah1 Rad8 30. Kg1 Nxe4 31. Qe3 Nxc3 32. Qxa7 Qc6 33. Ne1 Ne2+ 34.
Kf1 Nd4 35. Qa3 Qe6 36. Qc1 Bxh1 37. Rxh1 g5 38. f4 Rxh6 39. Rxh6 Kxh6 0-1

[Event "GBR-ch71"]
[Site "Brighton"]
[Date "1984.08.04"]
[Round "6"]
[White "Fuller, Keith"]
[Black "Ravikumar, Vaidyanathan"]
[Result "0-1"]
[WhiteElo "2175"]
[BlackElo "2385"]
[PlyCount "140"]
[EventDate "1984.07.30"]
[EventType "swiss"]
[EventRounds "11"]
[EventCountry "GBR"]
[SourceTitle "BritBase"]
[Source "John Saunders"]
[SourceDate "2020.09.07"]
[SourceVersion "1"]
[SourceVersionDate "2020.09.07"]
[SourceQuality "2"]

1. e4 c5 2. Nc3 Nc6 3. f4 d6 4. Nf3 e6 5. Bc4 a6 6. a4 Nf6 7. d3 Be7 8. O-O O-O
9. Bd2 b6 10. Qe1 Bb7 11. Qg3 d5 12. exd5 exd5 13. Bb3 Rc8 14. Rad1 Re8 15.
Rfe1 Na5 16. Ba2 Qc7 17. Ne5 Rcd8 18. Ng4 Nxg4 19. Qxg4 c4 20. Kh1 Bf6 21. Ne2
b5 22. axb5 axb5 23. d4 g6 24. Bb1 Bc8 25. Qf3 Nb7 26. c3 Nd6 27. Ng3 Qc6 28.
Re5 Bb7 29. Rde1 Bg7 30. Kg1 f5 31. Rxe8+ Rxe8 32. Rxe8+ Qxe8 33. Qe3 Ne4 34.
Nxe4 dxe4 35. Bc2 Bd5 36. Qe1 Qa8 37. Be3 Bf8 38. Qb1 b4 39. Bd1 Qa5 40. cxb4
Bxb4 41. Qc1 Kf7 42. Be2 c3 43. bxc3 Bxc3 44. Qb1 Qa1 45. Qxa1 Bxa1 46. Kf2 Ke6
47. Ba6 Kd6 48. h3 Bc3 49. g4 Kc7 50. gxf5 gxf5 51. Ke2 Bb3 52. Kf2 Be6 53. Bb5
Kd6 54. Ba6 Kc6 55. Kg2 Ba5 56. Kf2 Bb4 57. Kg2 Be1 58. Kf1 Bh4 59. Bf2 Bf6 60.
Be3 Kd5 61. Bb7+ Kc4 62. d5 Bxd5 63. Bc8 Kd3 64. Bb6 Bf7 65. Bxf5 Bg6 66. Bd7
e3 67. Bb5+ Ke4 68. f5 Bh5 69. Be2 Bf7 70. Bb5 Bg5 0-1

[Event "GBR-ch71"]
[Site "Brighton"]
[Date "1984.08.04"]
[Round "6"]
[White "Granat, Russell"]
[Black "Garwell, Jane"]
[Result "1-0"]
[WhiteElo "2265"]
[BlackElo "2100"]
[PlyCount "81"]
[EventDate "1984.07.30"]
[EventType "swiss"]
[EventRounds "11"]
[EventCountry "GBR"]
[SourceTitle "BritBase"]
[Source "John Saunders"]
[SourceDate "2020.09.07"]
[SourceVersion "1"]
[SourceVersionDate "2020.09.07"]
[SourceQuality "2"]

1. e4 e5 2. Nf3 Nc6 3. Bb5 a6 4. Ba4 Nf6 5. O-O Nxe4 6. Re1 Nc5 7. Bxc6 dxc6 8.
d4 Ne6 9. Nxe5 Bd6 10. c3 O-O 11. Nd2 c5 12. Ndf3 cxd4 13. cxd4 Qf6 14. d5 Nf4
15. Qd4 Bxe5 16. Rxe5 Ng6 17. Bg5 Qd6 18. Re2 Bd7 19. Rc1 h6 20. Bd2 Rfe8 21.
Bb4 Qf4 22. Rxe8+ Rxe8 23. Qxf4 Nxf4 24. Rxc7 Nxd5 25. Rxd7 Nxb4 26. a3 Nc2 27.
Rxb7 Rd8 28. h3 Rd1+ 29. Kh2 Rb1 30. a4 Ra1 31. b3 Rb1 32. Ne5 Nd4 33. b4 Rb2
34. f4 Ne6 35. Rxf7 Rxb4 36. f5 Ng5 37. Ra7 Rxa4 38. Ra8+ Kh7 39. Ng6 Nf7 40.
Rf8 Rf4 41. Rxf7 1-0

[Event "GBR-ch71"]
[Site "Brighton"]
[Date "1984.08.04"]
[Round "6"]
[White "Hasan, Younus"]
[Black "Arkell, Keith C"]
[Result "0-1"]
[WhiteElo "2290"]
[BlackElo "2345"]
[PlyCount "90"]
[EventDate "1984.07.30"]
[EventType "swiss"]
[EventRounds "11"]
[EventCountry "GBR"]
[SourceTitle "BritBase"]
[Source "John Saunders"]
[SourceDate "2020.09.07"]
[SourceVersion "1"]
[SourceVersionDate "2020.09.07"]
[SourceQuality "2"]

1. e4 c6 2. d4 d5 3. exd5 cxd5 4. Bd3 Nc6 5. c3 g6 6. Bf4 Nh6 7. Nf3 Bg7 8.
Nbd2 O-O 9. O-O Bf5 10. Bxf5 Nxf5 11. Re1 e6 12. Nf1 b5 13. Ng3 Nxg3 14. hxg3
a5 15. Qd2 b4 16. Bh6 bxc3 17. bxc3 a4 18. Bxg7 Kxg7 19. Ne5 Nxe5 20. Rxe5 Qc7
21. c4 Qxc4 22. Rc1 Qa6 23. Rh5 Rh8 24. Qh6+ Kg8 25. Re5 Qd6 26. Re3 Qf8 27.
Qf4 h5 28. Rc7 Rh7 29. Rec3 Qb8 30. Qf6 Rg7 31. f4 Qd8 32. Qxd8+ Rxd8 33. Rc8
Rxc8 34. Rxc8+ Kh7 35. Ra8 Rg8 36. Rxa4 Rc8 37. Kf2 Rc3 38. Ra7 Kg7 39. Ke2
Rxg3 40. Kf2 h4 41. a4 Rd3 42. a5 Rxd4 43. Ke3 Ra4 44. a6 Kf6 45. Ra8 Kf5 0-1

[Event "GBR-ch71"]
[Site "Brighton"]
[Date "1984.08.04"]
[Round "6"]
[White "Hawkes, Robert"]
[Black "Jackson, Sheila"]
[Result "1/2-1/2"]
[WhiteElo "2365"]
[BlackElo "2190"]
[PlyCount "83"]
[EventDate "1984.07.30"]
[EventType "swiss"]
[EventRounds "11"]
[EventCountry "GBR"]
[SourceTitle "BritBase"]
[Source "John Saunders"]
[SourceDate "2020.09.07"]
[SourceVersion "1"]
[SourceVersionDate "2020.09.07"]
[SourceQuality "2"]

1. e4 e5 2. f4 exf4 3. Nf3 d5 4. exd5 Nf6 5. Bb5+ c6 6. dxc6 Nxc6 7. c3 Bd6 8.
d4 O-O 9. O-O Bg4 10. Nbd2 Re8 11. Qa4 Bd7 12. Nc4 Bc7 13. Qb3 a6 14. Bxc6 Bxc6
15. Nce5 Bd5 16. Qd1 Nh5 17. Bd2 f6 18. Nd3 Bf7 19. Qc2 g5 20. Rae1 Qd5 21. b3
Bg6 22. Bc1 Qf5 23. Rd1 Re7 24. Qf2 Rae8 25. Rfe1 Rxe1+ 26. Ndxe1 Qb1 27. Qd2
Qe4 28. Ba3 Ng7 29. Nd3 b6 30. Nf2 Qd5 31. c4 Qd7 32. d5 Nf5 33. Ng4 Bd8 34.
Re1 h5 35. Nf2 Ne3 36. Nd4 Be7 37. Bxe7 Rxe7 38. Nc6 Re8 39. g3 Qd6 40. Nd3 Kg7
41. Nd4 Qd7 42. Nf2 1/2-1/2

[Event "GBR-ch71"]
[Site "Brighton"]
[Date "1984.08.04"]
[Round "6"]
[White "Hodgson, Julian M"]
[Black "Carr, Neil L"]
[Result "1-0"]
[WhiteElo "2450"]
[BlackElo "2310"]
[PlyCount "91"]
[EventDate "1984.07.30"]
[EventType "swiss"]
[EventRounds "11"]
[EventCountry "GBR"]
[SourceTitle "BritBase"]
[Source "John Saunders"]
[SourceDate "2020.09.07"]
[SourceVersion "1"]
[SourceVersionDate "2020.09.07"]
[SourceQuality "2"]

1. e4 d6 2. Nc3 g6 3. f4 Bg7 4. Nf3 c5 5. Bb5+ Bd7 6. a4 Nc6 7. Bxc6 Bxc6 8. d3
e6 9. O-O Ne7 10. Qe1 Qd7 11. Bd2 O-O 12. Qh4 f5 13. Rae1 Rae8 14. b3 b6 15.
Qh3 Bb7 16. Nd1 Nc6 17. Bc3 Nd4 18. Nxd4 cxd4 19. Bb4 Rf7 20. Nb2 Ba6 21. Rf2
e5 22. exf5 Rxf5 23. fxe5 Rexe5 24. Ref1 Qe6 25. Rxf5 Rxf5 26. Rxf5 gxf5 27.
Qf3 Qe3+ 28. Qxe3 dxe3 29. Nc4 Bxc4 30. dxc4 Be5 31. g3 f4 32. gxf4 Bxf4 33.
Kg2 Kf7 34. h3 Ke6 35. Kf3 Kf5 36. a5 e2 37. axb6 axb6 38. Be1 Be5 39. Kxe2 Ke4
40. Bf2 Bd4 41. Bg3 Be5 42. Bxe5 dxe5 43. c3 Kf4 44. b4 Kf5 45. b5 h6 46. c5
1-0

[Event "GBR-ch71"]
[Site "Brighton"]
[Date "1984.08.04"]
[Round "6"]
[White "Johansen, Darryl Keith"]
[Black "Howell, James C"]
[Result "0-1"]
[WhiteElo "2440"]
[BlackElo "2340"]
[PlyCount "142"]
[EventDate "1984.07.30"]
[EventType "swiss"]
[EventRounds "11"]
[EventCountry "GBR"]
[SourceTitle "BritBase"]
[Source "John Saunders"]
[SourceDate "2020.09.07"]
[SourceVersion "1"]
[SourceVersionDate "2020.09.07"]
[SourceQuality "2"]

1. g3 g6 2. Bg2 Bg7 3. c4 d6 4. Nc3 Nf6 5. e4 O-O 6. Nge2 c5 7. O-O Nc6 8. d3
Bd7 9. h3 Ne8 10. Rb1 Nc7 11. Nd5 Rb8 12. Be3 Ne6 13. Qd2 Ned4 14. Kh2 Nxe2 15.
Qxe2 e6 16. Nc3 Nd4 17. Qd2 f5 18. b4 cxb4 19. Rxb4 Qa5 20. Rfb1 fxe4 21. Nxe4
Bc6 22. f4 Nf5 23. Bg1 e5 24. fxe5 Bxe5 25. Bf2 Nh4 26. Be1 Nf3+ 27. Bxf3 Rxf3
28. Qe2 Rbf8 29. Rxb7 Qd8 30. Rb8 Qc7 31. Qxf3 Rxb8 32. Ba5 Qc8 33. Qg4 Bxe4
34. dxe4 Bxg3+ 35. Kg2 Be5 36. Qxc8+ Rxc8 37. Rc1 Rc6 38. Rc2 Kf7 39. Bb4 Ke6
40. Kf3 Rb6 41. Be1 Ra6 42. Bf2 Ra3+ 43. Kg2 a5 44. h4 a4 45. c5 dxc5 46. Bxc5
Rg3+ 47. Kf1 Rh3 48. Bf2 Rh1+ 49. Ke2 Ra1 50. Kd3 a3 51. Kc4 Rh1 52. Rd2 Bf6
53. Rd3 Be7 54. Bg3 h5 55. Rb3 Bxh4 56. Rxa3 Rc1+ 57. Kd4 Rd1+ 58. Kc4 Bxg3 59.
Rxg3 Kf6 60. a4 h4 61. Ra3 Ke5 62. a5 Rd8 63. a6 Kxe4 64. a7 Ra8 65. Kc5 g5 66.
Ra4+ Ke5 67. Kb6 h3 68. Ra5+ Kf4 69. Ra4+ Kg3 70. Ra3+ Kh4 71. Kb7 Rxa7+ 0-1

[Event "GBR-ch71"]
[Site "Brighton"]
[Date "1984.08.04"]
[Round "6"]
[White "Lane, Gary William"]
[Black "Ravisekhar, Raja"]
[Result "0-1"]
[WhiteElo "2310"]
[BlackElo "2430"]
[PlyCount "92"]
[EventDate "1984.07.30"]
[EventType "swiss"]
[EventRounds "11"]
[EventCountry "GBR"]
[SourceTitle "BritBase"]
[Source "John Saunders"]
[SourceDate "2020.09.07"]
[SourceVersion "1"]
[SourceVersionDate "2020.09.07"]
[SourceQuality "2"]

1. e4 c5 2. c3 d5 3. exd5 Qxd5 4. d4 e6 5. Nf3 Nf6 6. Be2 cxd4 7. cxd4 Nc6 8.
Nc3 Qd6 9. O-O Be7 10. Bg5 O-O 11. Rc1 a6 12. Qd2 Nd5 13. Bxe7 Ndxe7 14. Rfd1
Nd5 15. Bd3 Qf4 16. Qe2 Nxc3 17. bxc3 b5 18. a4 Bb7 19. axb5 axb5 20. Bxb5 Ne7
21. Ne5 Ra5 22. Bd3 Rfa8 23. Qe3 Nd5 24. Qe4 g6 25. c4 Ra2 26. Nf3 Rc8 27. Ra1
Rxa1 28. Rxa1 Qxe4 29. Bxe4 Rxc4 30. h3 f6 31. Rb1 Bc6 32. Kh2 Kg7 33. Rb2 g5
34. Ra2 Nc7 35. Bxc6 Rxc6 36. Ra7 Kg6 37. g4 Rc3 38. Kg3 h5 39. gxh5+ Kxh5 40.
Ra5 Nd5 41. Ra6 Nc7 42. Rd6 Rd3 43. Rc6 Nb5 44. Rc4 Nc3 45. Rc6 Ne2+ 46. Kg2
Rxf3 0-1

[Event "GBR-ch71"]
[Site "Brighton"]
[Date "1984.08.04"]
[Round "6"]
[White "Lawton, Geoffrey W"]
[Black "Conquest, Stuart"]
[Result "1-0"]
[WhiteElo "2385"]
[BlackElo "2300"]
[PlyCount "82"]
[EventDate "1984.07.30"]
[EventType "swiss"]
[EventRounds "11"]
[EventCountry "GBR"]
[SourceTitle "BritBase"]
[Source "John Saunders"]
[SourceDate "2020.09.07"]
[SourceVersion "1"]
[SourceVersionDate "2020.09.07"]
[SourceQuality "2"]

1. e4 d6 2. d4 Nf6 3. Nc3 g6 4. Nf3 Bg7 5. h3 O-O 6. Be3 b6 7. Bd3 Bb7 8. O-O
Nfd7 9. Qd2 c5 10. d5 Ba6 11. Bf4 c4 12. Be2 b5 13. a3 Nc5 14. Bh6 Qb6 15. b4
cxb3 16. Bxg7 Kxg7 17. cxb3 Nbd7 18. b4 Na4 19. Nd4 Nxc3 20. Qxc3 Kg8 21. Rfc1
Rfe8 22. Qe3 Rac8 23. Nxb5 Qxe3 24. fxe3 Rxc1+ 25. Rxc1 Rb8 26. Nd4 Bxe2 27.
Nxe2 a5 28. Nd4 axb4 29. Nc6 Rb7 30. axb4 Kg7 31. Kf2 Kf6 32. Ke2 Kg5 33. g3 h5
34. Kd3 f5 35. exf5 gxf5 36. Kc4 Nb6+ 37. Kd4 Nd7 38. Ra1 h4 39. gxh4+ Kxh4 40.
Ra7 Rxa7 41. Nxa7 Nb6 1-0

[Event "GBR-ch71"]
[Site "Brighton"]
[Date "1984.08.04"]
[Round "6"]
[White "Levene, Mark"]
[Black "Mithrakanth, Poorna Sharma"]
[Result "0-1"]
[WhiteElo "2205"]
[BlackElo "2365"]
[PlyCount "90"]
[EventDate "1984.07.30"]
[EventType "swiss"]
[EventRounds "11"]
[EventCountry "GBR"]
[SourceTitle "BritBase"]
[Source "John Saunders"]
[SourceDate "2020.09.07"]
[SourceVersion "1"]
[SourceVersionDate "2020.09.07"]
[SourceQuality "2"]

1. e4 c5 2. Nf3 d6 3. d4 cxd4 4. Nxd4 Nf6 5. Nc3 a6 6. Be3 e5 7. Nb3 Be6 8. Nd5
Nbd7 9. f3 Nxd5 10. exd5 Bf5 11. Be2 Rc8 12. c3 Qh4+ 13. g3 Qa4 14. O-O Be7 15.
Qd2 O-O 16. f4 Bh3 17. Rf2 Nf6 18. Bf3 e4 19. Bg2 Bxg2 20. Rxg2 Bd8 21. Re2 Qb5
22. Bd4 Bb6 23. Rae1 Rfe8 24. Bxb6 Qxb6+ 25. Qd4 Qxd4+ 26. Nxd4 Rc5 27. Nf3
Rxd5 28. Ng5 e3 29. Rxe3 Rxe3 30. Rxe3 Rd1+ 31. Kg2 Rd2+ 32. Kf3 h6 33. Ne4
Nxe4 34. Rxe4 Rxb2 35. Re7 b5 36. Rd7 Rxh2 37. Rxd6 Rxa2 38. Ke4 Rc2 39. Rxa6
Rxc3 40. Ra8+ Kh7 41. g4 Rg3 42. Kf5 g6+ 43. Kf6 Rxg4 44. Kxf7 Rxf4+ 45. Ke6 h5
0-1

[Event "GBR-ch71"]
[Site "Brighton"]
[Date "1984.08.04"]
[Round "6"]
[White "Martin, Andrew D"]
[Black "Basman, Michael John"]
[Result "1-0"]
[WhiteElo "2445"]
[BlackElo "2390"]
[PlyCount "73"]
[EventDate "1984.07.30"]
[EventType "swiss"]
[EventRounds "11"]
[EventCountry "GBR"]
[SourceTitle "BritBase"]
[Source "John Saunders"]
[SourceDate "2020.09.07"]
[SourceVersion "1"]
[SourceVersionDate "2020.09.07"]
[SourceQuality "2"]

1. c3 b6 2. d4 Bb7 3. Nf3 h6 4. Nbd2 Nf6 5. e3 g5 6. b4 d6 7. Bb5+ Nbd7 8. O-O
e6 9. Qe2 Nd5 10. Bb2 g4 11. Ne1 Rg8 12. a3 Qg5 13. c4 N5f6 14. e4 O-O-O 15.
Nd3 h5 16. Rad1 h4 17. d5 g3 18. fxg3 hxg3 19. h3 Bh6 20. Rfe1 exd5 21. cxd5
Rge8 22. Qf3 Qg6 23. Bxf6 Nxf6 24. Bxe8 Rxe8 25. Nf1 Rg8 26. b5 Nd7 27. e5 dxe5
28. Nxe5 Nxe5 29. Rxe5 Qd6 30. Qxf7 Rd8 31. Re8 Bf8 32. Nxg3 Rxe8 33. Qxe8+ Qd8
34. Qxd8+ Kxd8 35. a4 Ke7 36. Ne4 Bh6 37. Kf2 1-0

[Event "GBR-ch71"]
[Site "Brighton"]
[Date "1984.08.04"]
[Round "6"]
[White "Needham, Teresa"]
[Black "Thomas, Nicholas A"]
[Result "0-1"]
[WhiteElo "2075"]
[BlackElo "2040"]
[PlyCount "124"]
[EventDate "1984.07.30"]
[EventType "swiss"]
[EventRounds "11"]
[EventCountry "GBR"]
[SourceTitle "BritBase"]
[Source "John Saunders"]
[SourceDate "2020.09.07"]
[SourceVersion "1"]
[SourceVersionDate "2020.09.07"]
[SourceQuality "2"]

1. e4 e6 2. c4 d5 3. cxd5 exd5 4. exd5 Nf6 5. Bb5+ Nbd7 6. Nf3 Be7 7. Nc3 O-O
8. O-O Nb6 9. d4 Nbxd5 10. Ne5 c6 11. Be2 h6 12. Qb3 Qb6 13. Nxd5 Nxd5 14. Qg3
Qxd4 15. Bxh6 Bf6 16. Nd3 Re8 17. Bh5 Bf5 18. Rad1 Bh4 19. Qf3 Qe4 20. Bc1 g6
21. Qxe4 Bxe4 22. Bg4 f5 23. Bh3 Be7 24. a3 Rad8 25. g3 Bf6 26. Bg2 Nc3 27.
Bxe4 Nxd1 28. Bxc6 bxc6 29. Rxd1 Rxd3 30. Rxd3 Re1+ 31. Kg2 Rxc1 32. b4 Rc3 33.
Rd6 Be7 34. Rd7 Kf7 35. Rxa7 Ke6 36. Kf1 Rc2 37. Ra6 Bd6 38. Kg2 g5 39. h4 gxh4
40. gxh4 Kd5 41. h5 Be5 42. Ra8 Bd4 43. h6 Rxf2+ 44. Kh3 Rf1 45. Kg2 Rf4 46.
Kg3 Rg4+ 47. Kf3 Rh4 48. Rd8+ Ke5 49. Re8+ Kf6 50. Rc8 Rxh6 51. Rxc6+ Kg5 52.
Rc4 Be5 53. a4 Rh3+ 54. Kg2 Rh4 55. Rc5 Bd6 56. Rd5 Bxb4 57. a5 Rh6 58. Rb5 Bd2
59. Rd5 Be3 60. Kf3 Ba7 61. Re5 Rg6 62. Rb5 Bd4 0-1